| 000 | 00503nam a2200181Ia 4500 | ||
|---|---|---|---|
| 001 | 62273 | ||
| 008 | 170731n ii |||gr||||Z||||||465 | ||
| 020 | _a978 93 85436 28 4 | ||
| 082 | _a822.33 | ||
| 100 |
_aClark, Sandra, _eAuthor. |
||
| 245 | 0 |
_aMacbeth _cEdited By - Sandra Clark & Pamela Mason _hTextual Documents |
|
| 260 |
_aLondon _bBloomsbury |
||
| 300 |
_a381p: _bill; _c21cm. |
||
| 653 | _aEnglish Literature | ||
| 653 | _aPG - English | ||
| 700 |
_aMason, Pamela, _eAuthor. |
||
| 942 |
_2ddc _cBK |
||
| 999 |
_c63380 _d63380 |
||